Právní názory a právní instituce

Bibliographic Details
Main Author: Rebro, Karol, 1912-2000 (Author)
Format: Article
Language:Slovak

MARC

LEADER 00000nab a2200000ua 4500
001 vtls010813811
003 SK-MaSNL
005 20260303114652.0
008 230127s1954 xo |||||||||||||||||slo|
035 |a (urnnbn)urn:nbn:sk:snk:ar-a04hf6 
035 |a urn:nbn:sk:snk-ab5isl 
035 |a (uuid)40a1c332-dab9-45a7-8691-7fc5c40d3b34 
040 |a SNKBUCL  |b slo  |c SNKBUCL  |e AACR2 
041 0 |a slo 
044 |a xo  |c SK 
100 1 |a Rebro, Karol,  |d 1912-2000  |4 aut  |9 198285 
245 1 0 |a Právní názory a právní instituce  |c Karol Rebro 
773 0 |t Naša veda : časopis SAV  |g Roč. 1, č. 9 (1954), s. 282 
954 |a odborná, vedecká literatúra pôvodná (slovenská)  |2 lita 
958 |a OND 
958 |a EUIPO 
958 |a article5 
999 |c 1899478  |d 1901408